000
00249nam a22001217a 4500
020
_a
978-1-4454-2003-5
082
_a
001
_b
RAR/R
245
_a
REMARKABLE PLACES
260
_a
UK
_b
PARRAGON
300
_a
63
650
_a
BEAUTY PLACES
_z
UK
942
_c
BK
999
_c
6156
_d
6156